00837nam a22002537a 45000010005000000030006000050050017000110080041000280200015000690400029000840500014001130820008001271000040001352450052001752500027002272600035002543000021002895050007003105200174003175210019004915210018005106500025005286500030005534724FISKH20240925151600.0240925b cb ||||| |||| 00| 0 eng d a0590974092 aFISKHbengcFISKHdFISKH aPZ7.M2225 2813 aMaclachlan, Patriciad(1938–2022) aSarah, plain and tall /cby Patricia MacLachlan aFirst printing in 1996 aNew York :bScholastic,c1996. a64 pages :c20cm aO  aWhen their father invites a mail-order bride to come live with them in their prairie home, Caleb and Anna are captivated by their new mother and hope that she will stay.8 a650L bLexile 8 aO bRaz-Plus  2FamilyaChapter book 2Stepmothersa19th century